Cases in Financial Management (Record no. 3163)

MARC details
000 -LEADER
fixed length control field 00327nam a2200145Ia 4500
008 - FIXED-LENGTH DATA ELEMENTS--GENERAL INFORMATION
fixed length control field 191201s2006 xx 000 0 und d
082 ## - DEWEY DECIMAL CLASSIFICATION NUMBER
Classification number 657.3
Item number PAC
100 ## - MAIN ENTRY--PERSONAL NAME
Personal name PANDEY, I M
245 #0 - TITLE STATEMENT
Title Cases in Financial Management
250 ## - EDITION STATEMENT
Edition statement 2nd
260 ## - PUBLICATION, DISTRIBUTION, ETC. (IMPRINT)
Place of publication, distribution, etc N.Delhi
Name of publisher, distributor, etc TMH
Date of publication, distribution, etc 2006
300 ## - PHYSICAL DESCRIPTION
Extent 613
650 ## - SUBJECT ADDED ENTRY--TOPICAL TERM
Topical term or geographic name as entry element MBA
942 ## - ADDED ENTRY ELEMENTS (KOHA)
Source of classification or shelving scheme Dewey Decimal Classification
Koha item type Text Books
Holdings
Withdrawn status Lost status Source of classification or shelving scheme Damaged status Not for loan Collection code Home library Current library Date acquired Source of acquisition Cost, normal purchase price Bill Number Total Checkouts Full call number Acc. no. / Barcode Date last seen Bill Date Koha item type Date last borrowed Public note
    Dewey Decimal Classification     MBA PIET C-LIBRARY PIET C-LIBRARY 24/08/2006 J B C, New Delhi 350.00 724   658.15 PAC 7515 04/12/2019 30/07/2007 Text Books    
    Dewey Decimal Classification     MBA PIET C-LIBRARY PIET C-LIBRARY 24/08/2006 J B C, New Delhi 350.00 724   658.15 PAC 7516 04/12/2019 30/07/2007 Text Books    
    Dewey Decimal Classification     MBA PIET C-LIBRARY PIET C-LIBRARY 24/08/2006 J B C, New Delhi 350.00 724   657.3 PAC 7517 04/12/2019 30/07/2007 Text Books    
    Dewey Decimal Classification     MBA PIET C-LIBRARY PIET C-LIBRARY 24/08/2006 J B C, New Delhi 350.00 724   658.15 PAC 7518 04/12/2019 30/07/2007 Text Books    
    Dewey Decimal Classification     MBA PIET C-LIBRARY PIET C-LIBRARY 24/08/2006 J B C, New Delhi 350.00 724 1 658.15 PAC 7519 25/11/2023 30/07/2007 Text Books 22/01/2022 .
    Dewey Decimal Classification     MBA PIET C-LIBRARY PIET C-LIBRARY 24/08/2006 J B C, New Delhi 350.00 724 1 658.15 PAC 7520 29/04/2022 30/07/2007 Text Books 27/12/2021  
    Dewey Decimal Classification     MBA PIET C-LIBRARY PIET C-LIBRARY 24/08/2006 J B C, New Delhi 350.00 724   658.15 PAC 7521 04/12/2019 30/07/2007 Text Books    

Design & Developed by: PIET Central Library
R70 Miles Stone Pattikalyana Samalkha Panipat 132102
mail ID :- [email protected], Phone No:- 0180-2569700 Ex.216